Prestavba hospodárskeho mechanizmu Teoretické otázky

Guardado en:
Detalles Bibliográficos
Autor principal: Přívara, Jan
Formato: Libro
Lenguaje:eslovaco
Publicado: Bratislava Pravda 1987
Edición:1. vyd.
Colección:Politická ekonómia
Etiquetas: Agregar Etiqueta
Sin Etiquetas, Sea el primero en etiquetar este registro!

MARC

LEADER 00000nam a2200000 4500
001 c041155
005 20230116121357.0
041 0 |a slo 
044 |a SK 
245 1 0 |a Prestavba hospodárskeho mechanizmu  |b Teoretické otázky  |c Jan Přívara 
250 |a 1. vyd. 
264 1 |a Bratislava  |b Pravda  |c 1987 
300 |a 305 s. 
490 1 |a Politická ekonómia 
830 0 |a Politická ekonómia 
100 1 |a Přívara, Jan